00823cam a22002411 4500001001300000003000400013005001700017008004100034010001700075025002000092035002000112040001700132042001200149050001900161110005300180245018000233260002300413300003500436500001700471650003700488710003900525999001700564sa 68019570 DLC20260227112718.0940323s1966 io 100 0 und  asa 68019570  aPL480:Indo-7030 a(OCoLC)30014252 aDLCcCUdDLC apremarc00aUB359.I53bA451 aIndonesia.bDepartemen Veteran dan Demobilisasi.00aRisalah konperensi kerdja gabungan Kementerian Veteran & Demobilisasi dan Legiun Veteran R.I. dari tgl. 10 Djuni 1966 s/d tgl. 15 Djuni 1966 di Wisma Karti, Ragunan, Djakarta. a[Djakarta,c1966?] a1 v. (various pagings)c34 cm. aCover title. 0aVeteranszIndonesiavCongresses.2 aLegiun Veteran Republik Indonesia. c88966d88966